| 000 | 00590nam a22001817a 4500 | ||
|---|---|---|---|
| 003 | OSt | ||
| 005 | 20251023050855.0 | ||
| 008 | 251023b |||||||| |||| 00| 0 eng d | ||
| 020 | _a978-1-60509-411-3 | ||
| 040 |
_aDWCL - Main Lib _cOC |
||
| 082 | _aProf. 158.1 T761g 2010 | ||
| 100 | _aTracy, Brian | ||
| 245 |
_aGoals! : _bHow to Get Everything You Want - Faster Than You Ever Though Possible / _cBrian Stracy |
||
| 260 |
_aSan Francisco : _bMcgraw Hill, _c c2010. |
||
| 300 |
_av, 296 pages : _billustratoions ; _c 22cm. |
||
| 504 | _aIncludes index. | ||
| 942 |
_2ddc _cPROF. _mProf. _n0 |
||
| 999 |
_c5052 _d5052 |
||